=LDR 00000nam 2200000 4500 =001 INLIS000000000021668 =005 20130612120515 =008 ***********************************Ind** =035 ##$$a0010-061300000021668 =041 ##$$a Ind =082 ##$$a 639.5 =090 ##$$a 659.3, Set t =100 ##$$a Setiawan, Cuncun =245 ##$$a Teknik pembenihan dan cara cepat pembesaran labster air tawar, Cucun Setiawan =260 ##$$a 2006 $b Jakarta; gromedia Pustaka =300 ##$$a iv, 88 hlm, ilus, 24 cm =650 ##$$a Udang =850 ##$$a NBPNMAT =990 ##$$a 21400613/BPAP-NTB/20142014 =990 ##$$a 21400613/BPAP-NTB/20142014